000 00645cam a2200241ua 4500
001 10275
008 180510n ii |||gr||||Z||||||eng
020 _a9780195660401
040 _cMAIN
041 _aeng
082 _a824
100 _aMisra, Udayan,
_eEditor.
245 _aTwentieth century prose
_cEd. by Udayan Misra and others
250 _a15th imp.
260 _aNew Delhi:
_bOxford university press,
_c2015.
300 _a234p.
653 _aEnglish essays
653 _aEnglish prose
700 _aGoswami, Atul,
_eEditor.
700 _aMahanta, Aparna Dutta,
_eEditor.
700 _aGoswami, Prafulla,
_eEditor.
942 _cBK
999 _c9270
_d9270